| 000 | 00863nas a2200265 4500 | ||
|---|---|---|---|
| 001 | BR0805630 | ||
| 003 | BR-BrBNA | ||
| 005 | 20231205111958.0 | ||
| 007 | ta | ||
| 008 | 230509b bl.|||p| |||| 00| 00por d | ||
| 040 |
_aBR-BrBNA _bpor _cBiblioteca Nacional de Agricultura |
||
| 041 | _a(Pt) | ||
| 072 | _aL20; GZ12 | ||
| 100 | 1 | _aD 'Angelo Neto, S. | |
| 100 | 1 | _aVasconcelos, M.F. de | |
| 245 | 1 | _aDistribuição geográfica de duas populações migratórias do bigodinho, sporophila lineola (Linnaeus, 1758), em Minas Gerais, Brasil | |
| 650 | _aCAATINGA | ||
| 650 | _aMIGRAÇÃO ANIMAL | ||
| 650 | _aAVE SELVAGEM | ||
| 650 | _aDISTRIBUIÇÃO GEOGRÁFICA | ||
| 650 | _aMINAS GERAIS | ||
| 773 | 0 |
_tOrnithologia (Brazil) _xISSN 1808-7221 _g(Jul 2007), v. 2(1) p. 25-27 _wBR0805630 |
|
| 909 |
_a202311 _bLúcia _c55 _dLúcia Elande |
||
| 942 |
_2AGRIS _n0 _cANA |
||
| 999 |
_c195443 _d195443 |
||